[Event "URU-ch Final 2018"]
[Site "Montevideo"]
[Date "2018.04.14"]
[Round "8"]
[White "Roselli Mailhe, Bernardo"]
[Black "Granara Barreto, Sebastian"]
[Result "1/2-1/2"]
[WhiteElo "2433"]
[BlackElo "2164"]
[Annotator "TA"]
[PlyCount "115"]
[EventDate "2018.??.??"]
[EventType "tourn"]
[EventCountry "URU"]
[SourceTitle "playchess.com"]
[Source "ChessBase"]
[SourceQuality "1"]

{[%evp 20,115,0,1,4,-7,10,-17,10,0,10,20,7,20,19,11,14,0,0,0,0,0,52,39,58,27,21,6,4,4,3,3,3,6,13,6,13,0,13,0,9,0,12,12,12,12,12,0,0,0,12,0,3,3,3,0,0,0,0,0,0,0,0,0,0,0,0,0,0,0,0,0,0,0,4,4,4,4,4,3,3,3,10,10,10,10,14,3,14,14,14,14,14,14,14,14,14,14]} 1. d4 d5 2. c4 c6 3. Nf3 Nf6 4. Qc2 dxc4 5. Qxc4 Bg4 6. Nbd2 Nbd7 {D23: Queen's Gambit Accepted: 3 Nf3 Nf6 sidelines} 7. g3 e6 8. Bg2 Be7 9. O-O O-O 10. Ne5 (10. b3 Qa5 11. Bb2 Rac8 12. Rfd1 Rfd8 13. h3 Bh5 14. Qc1 {0-1 (56) Le,Q (2737)-Mamedov,R (2709) Riadh 2017}) 10... Bh5 11. Ndf3 {LiveBook: 12 Games} Rc8 12. Qb3 $146 ({Find the theoretical novelty and annotate with similar games:} 12. Bg5 h6 13. Bxf6 Bxf6 14. Rfd1 Bxf3 15. Nxf3 {0-1 (53) Arkell,K (2447)-Blomqvist,E (2567) London 2016}) 12... Qb6 13. Qxb6 Nxb6 (13... axb6 {NOTEXT} 14. Bg5 Nxe5 15. dxe5 Nd5 16. Bxe7 Nxe7 17. Rfd1 Rfd8) 14. h3 Rfd8 15. g4 Bg6 $1 16. Nxg6 hxg6 17. Bd2 Nc4 18. Bc3 Nd5 19. Rfc1 Nxc3 20. Rxc3 b5 ({Black should try} 20... Nd6 $11) 21. Rc2 c5 22. dxc5 (22. a4 {NOTEXT} a6 23. e3 Bf6 24. g5 Be7 25. h4) 22... Rxc5 23. e3 {The position is equal.} Ne5 24. Rxc5 Nxf3+ 25. Bxf3 Bxc5 $11 {[%mdl 4096] Endgame KRB-KRB} 26. Rc1 Bd6 27. Rc6 b4 28. Be4 Kf8 29. Kf1 Ke7 30. Bc2 Rd7 31. Ke2 Rc7 32. Rxc7+ Bxc7 {KB-KB} 33. Kd3 Be5 34. b3 Bc3 35. a4 Be1 36. Ke2 Bc3 37. Bd3 g5 38. Kf3 Be1 39. Ba6 Kd6 40. Ke2 Bc3 41. f4 f6 42. Kf3 Bd2 43. Ke4 Bc3 44. Kd3 Kd5 45. Bc8 gxf4 46. exf4 e5 47. Bb7+ Kc5 48. fxe5 Bxe5 49. h4 Bg3 50. h5 Bf4 51. Ke4 Bd2 52. Ba6 Bc1 53. Bc4 Bd2 54. a5 Bc1 55. Kf5 Kd6 56. Kg6 Bh6 $1 57. Kf7 Kd7 58. Bb5+ {Precision: White = 61%, Black = 66%.} 1/2-1/2

[Event "URU-ch Final 2018"]
[Site "Montevideo"]
[Date "2018.04.14"]
[Round "8"]
[White "Lopez Azambuja, Nicolas"]
[Black "Caitano, Martin Joel"]
[Result "1-0"]
[WhiteElo "2314"]
[BlackElo "2115"]
[Annotator "NA"]
[PlyCount "67"]
[EventDate "2018.??.??"]
[EventType "tourn"]
[EventCountry "URU"]
[SourceTitle "playchess.com"]
[Source "ChessBase"]
[SourceQuality "1"]
[TimeControl "40/5400+30:1800+30"]

1. d4 {[%emt 0:00:00]} Nf6 {[%emt 0:00:04]} 2. c4 {[%emt 0:00:00]} g6 {[%emt 0:00:05]} 3. Nc3 {[%emt 0:00:00]} Bg7 {[%emt 0:00:05]} 4. e4 {[%emt 0:00:00]} d6 {[%emt 0:00:04]} 5. Nf3 {[%emt 0:00:06]} O-O {[%emt 0:00:06]} 6. Be2 {[%emt 0:00:08]} e5 {[%emt 0:00:11]} 7. Be3 {[%emt 0:00:23]} exd4 {[%emt 0:00:57]} 8. Nxd4 {[%emt 0:00:26]} Re8 {[%emt 0:00:21]} 9. f3 {[%emt 0:00:08]} c6 {[%emt 0:02:21]} 10. Bf2 {[%emt 0:00:21]} Nbd7 {[%emt 0:06:41]} 11. Qd2 {[%emt 0:04:09]} d5 {[%emt 0:34:49]} 12. exd5 {[%emt 0:13:53]} cxd5 {[%emt 0:01:18]} 13. O-O {[%emt 0:04:15]} dxc4 {[%emt 0:13:15]} 14. Ndb5 {[%emt 0:06:33]} Qa5 {[%emt 0:10:58]} (14... Nb6 $11 {keeps the balance.} 15. Rad1 Qxd2 16. Rxd2 Be6) 15. Nd6 {[%emt 0:10:40]} Rd8 {[%emt 0:01:27]} 16. Nxc4 {[%emt 0:09:46]} Ne5 {[%emt 0:02:25]} (16... Nf8 $1 $14) 17. Nxa5 $16 {[%emt 0:01:07]} Rxd2 {[%emt 0:00:13]} 18. Rfd1 {[%emt 0:02:17]} Rxd1+ {[%emt 0:06:37]} 19. Rxd1 {[%emt 0:00:14]} b6 {[%emt 0:02:13]} 20. Rd8+ {[%emt 0:06:37]} Bf8 {[%emt 0:00:09]} 21. f4 {[%emt 0:04:32]} bxa5 {[%emt 0:08:41]} 22. fxe5 {[%emt 0:00:16]} Nd7 {[%emt 0:01:51]} 23. Bf3 {[%emt 0:01:44]} Rb8 {[%emt 0:02:17]} 24. Bxa7 {[%emt 0:01:23]} Rxb2 {[%emt 0:01:16]} 25. Rxc8 {[%emt 0:00:13]} Nxe5 {[%emt 0:01:16]} 26. Bc5 {[%emt 0:06:09]} Nd7 {[%emt 0:00:37]} 27. Bd4 {[%emt 0:00:37]} Rd2 {[%emt 0:00:56]} 28. Be3 {[%emt 0:02:47]} Rd3 {[%emt 0:00:13]} 29. Kf2 {[%emt 0:01:02]} Kg7 {[%emt 0:01:09]} 30. Be2 {[%emt 0:03:26]} Rd6 {[%emt 0:00:37]} 31. Ne4 {[%emt 0:00:37]} Rd5 {[%emt 0:00:45]} 32. g4 {[%emt 0:02:07]} Be7 {[%emt 0:00:48]} 33. Bc4 {[%emt 0:02:55]} Bh4+ {[%emt 0:00:18]} 34. Ke2 1-0

[Event "URU-ch Final 2018"]
[Site "Montevideo"]
[Date "2018.04.14"]
[Round "8"]
[White "Rodi, Luis Ernesto"]
[Black "Kimelman, Gabriel"]
[Result "1-0"]
[WhiteElo "2314"]
[BlackElo "2255"]
[Annotator "ChessBase"]
[PlyCount "119"]
[EventDate "2018.??.??"]
[EventType "tourn"]
[EventCountry "URU"]
[SourceTitle "playchess.com"]
[Source "ChessBase"]
[SourceQuality "1"]
[TimeControl "40/5400+30:1800+30"]

1. e4 {[%emt 0:00:00]} e6 {[%emt 0:00:05]} 2. d4 {[%emt 0:00:03]} d5 {[%emt 0:00:02]} 3. Nd2 {[%emt 0:00:08]} Nf6 {[%emt 0:00:02]} 4. e5 {[%emt 0:00:07]} Nfd7 {[%emt 0:00:03]} 5. c3 {[%emt 0:00:08]} c5 {[%emt 0:00:02]} 6. f4 {[%emt 0:00:06]} Nc6 {[%emt 0:00:02]} 7. Ndf3 {[%emt 0:00:08]} Qb6 {[%emt 0:00:04]} 8. g3 {[%emt 0:00:11]} cxd4 {[%emt 0:00:04]} 9. cxd4 {[%emt 0:00:06]} Be7 {[%emt 0:00:14]} 10. Bh3 {[%emt 0:00:13]} O-O {[%emt 0:00:06]} 11. Ne2 {[%emt 0:00:05]} f6 {[%emt 0:00:10]} 12. Bxe6+ {[%emt 0:00:13]} Kh8 {[%emt 0:00:03]} 13. exf6 {[%emt 0:00:08]} Nxf6 {[%emt 0:00:08]} 14. Bxc8 {[%emt 0:00:05]} Bb4+ {[%emt 0:00:06]} 15. Kf1 {[%emt 0:00:07]} Raxc8 {[%emt 0:00:03]} 16. Kg2 {[%emt 0:00:10]} Ne4 {[%emt 0:03:57]} 17. Qd3 {[%emt 0:00:48]} Bd6 {[%emt 0:04:41]} 18. a3 {[%emt 0:16:55]} Na5 {[%emt 0:03:35]} 19. Rb1 {[%emt 0:06:17]} Qb3 {[%emt 0:14:57]} 20. Nc3 {[%emt 0:12:36]} Bxa3 {[%emt 0:21:03]} 21. Ne5 {[%emt 0:12:03]} Bd6 {[%emt 0:30:11]} 22. Nxe4 {[%emt 0:09:31]} Qxd3 {[%emt 0:00:15]} 23. Nxd3 {[%emt 0:00:03]} dxe4 {[%emt 0:00:07]} 24. Ne5 {[%emt 0:00:06]} Rc2+ {[%emt 0:00:08]} 25. Kh3 {[%emt 0:00:05]} Nb3 {[%emt 0:06:15]} 26. Be3 {[%emt 0:02:08]} Kg8 {[%emt 0:00:56]} 27. Kg4 {[%emt 0:05:18]} g6 {[%emt 0:10:17]} 28. h4 {[%emt 0:00:15]} h5+ {[%emt 0:00:29]} 29. Kh3 {[%emt 0:00:05]} Kh7 {[%emt 0:01:55]} 30. Rhg1 {[%emt 0:01:04]} Rfc8 {[%emt 0:00:53]} 31. g4 {[%emt 0:04:25]} Re2 {[%emt 0:00:31]} 32. Rbe1 {[%emt 0:01:06]} hxg4+ {[%emt 0:02:01]} 33. Kxg4 {[%emt 0:00:07]} Rxb2 {[%emt 0:00:48]} 34. f5 {[%emt 0:00:50]} gxf5+ {[%emt 0:01:00]} 35. Kxf5 {[%emt 0:00:02]} Bxe5 {[%emt 0:01:57]} 36. dxe5 {[%emt 0:00:10]} Rh2 {[%emt 0:00:44]} 37. Rg4 {[%emt 0:00:56]} Na5 {[%emt 0:00:32]} 38. Reg1 {[%emt 0:00:38]} Rf8+ {[%emt 0:00:32]} 39. Kxe4 {[%emt 0:00:15]} Nc6 {[%emt 0:00:15]} 40. e6 {[%emt 0:01:04]} Re8 {[%emt 0:30:29]} 41. Rg7+ {[%emt 0:33:13]} Kh8 {[%emt 0:00:01]} 42. Kf5 {[%emt 0:09:27]} Rxh4 {[%emt 0:00:00]} 43. Rxb7 {[%emt 0:00:00]} Rh7 {[%emt 0:00:00]} 44. Rxh7+ {[%emt 0:00:00]} Kxh7 {[%emt 0:00:00]} 45. Bc5 {[%emt 0:00:00]} a5 {[%emt 0:00:22]} 46. Kf6 {[%emt 0:00:00]} Rc8 {[%emt 0:00:26]} 47. Bd6 {[%emt 0:00:00]} Rd8 {[%emt 0:00:49]} 48. Rg7+ {[%emt 0:00:00]} Kh8 {[%emt 0:01:01]} 49. Rd7 {[%emt 0:00:00]} Rxd7 {[%emt 0:01:18]} 50. exd7 {[%emt 0:00:00]} Kg8 {[%emt 0:00:01]} 51. Be7 {[%emt 0:00:00]} a4 {[%emt 0:01:07]} 52. Ke6 {[%emt 0:00:00]} a3 {[%emt 0:00:45]} 53. Bxa3 {[%emt 0:00:00]} Nd8+ {[%emt 0:00:10]} 54. Kf6 {[%emt 0:00:00]} Kh7 {[%emt 0:01:15]} 55. Be7 {[%emt 0:00:00]} Nb7 {[%emt 0:00:08]} 56. Ke6 {[%emt 0:00:00]} Kg6 {[%emt 0:00:07]} 57. Kd5 {[%emt 0:00:00]} Kf7 {[%emt 0:00:06]} 58. Bh4 {[%emt 0:00:00]} Kg6 {[%emt 0:01:16]} 59. Kc6 {[%emt 0:00:00]} Na5+ {[%emt 0:00:38]} 60. Kc7 {[%emt 0:00:00]} 1-0

[Event "URU-ch Final 2018"]
[Site "Montevideo"]
[Date "2018.04.14"]
[Round "8"]
[White "Larrea, Manuel"]
[Black "Dominguez, Facundo"]
[Result "1-0"]
[WhiteElo "2289"]
[BlackElo "2143"]
[Annotator "NA"]
[PlyCount "67"]
[EventDate "2018.??.??"]
[EventType "tourn"]
[EventCountry "URU"]
[SourceTitle "playchess.com"]
[Source "ChessBase"]
[SourceQuality "1"]
[TimeControl "40/5400+30:1800+30"]

1. e4 {[%emt 0:00:00]} e6 {[%emt 0:14:53]} 2. d4 {[%emt 0:00:00]} d5 {[%emt 0:00:05]} 3. Nc3 {[%emt 0:00:00]} Bb4 {[%emt 0:00:24]} 4. e5 {[%emt 0:00:00]} c5 {[%emt 0:00:09]} 5. a3 {[%emt 0:00:00]} Bxc3+ {[%emt 0:00:05]} 6. bxc3 {[%emt 0:00:00]} Qa5 {[%emt 0:00:51]} 7. Bd2 {[%emt 0:00:06]} Qa4 {[%emt 0:00:05]} 8. Qg4 {[%emt 0:00:09]} Kf8 {[%emt 0:00:05]} 9. Qd1 {[%emt 0:00:04] C18: French: 3 Nc3 Bb4: Main line: 7 h4 and 7 Qg4} b6 {[%emt 0:00:06]} 10. Qb1 {[%emt 0:05:27]} (10. dxc5 bxc5 11. c4 Ba6 12. cxd5 Bxf1 13. Kxf1 exd5 14. Nf3 Nd7 15. h4 h5 16. Rb1 Ne7 {½-½ (47) Najer,E (2699)-Harikrishna,P (2733) Antalya 2017}) 10... Ba6 {[%emt 0:00:32]} 11. Qb3 {[%emt 0:00:50]} Qxb3 {[%emt 0:44:54]} 12. cxb3 {[%emt 0:00:17]} Bxf1 {[%emt 0:00:03]} 13. Kxf1 {[%emt 0:00:08]} c4 $146 {[%emt 0:00:09]} ({Find the theoretical novelty and annotate with similar games:} 13... Nc6 14. Nf3 Na5 15. Rb1 c4 16. b4 Nb3 {½-½ (30) Petermann,M (1986)-Schmitt,P (1984) Schoeneck 2009}) 14. b4 {[%emt 0:03:01]} a5 {[%emt 0:00:23]} 15. a4 {[%emt 0:10:10]} axb4 {[%emt 0:02:52]} 16. cxb4 {[%emt 0:00:06]} Nc6 {[%emt 0:01:02]} 17. Ne2 {[%emt 0:03:32]} Nge7 {[%emt 0:01:13]} 18. Bc3 {[%emt 0:06:51]} Ke8 {[%emt 0:03:28]} 19. g3 {[%emt 0:04:25]} Kd7 {[%emt 0:00:58]} 20. Kg2 {[%emt 0:02:48]} Ra7 {[%emt 0:02:45]} 21. Ra2 {[%emt 0:03:26]} h5 $15 {[%emt 0:01:20]} 22. Rha1 {[%emt 0:07:48]} f6 {[%emt 0:03:59]} 23. f4 {[%emt 0:15:38]} Nf5 {[%emt 0:01:19]} 24. h3 {[%emt 0:01:35]} fxe5 {[%emt 0:09:32]} 25. dxe5 {[%emt 0:01:08]} d4 {[%emt 0:08:49]} 26. Nxd4 {[%emt 0:06:46]} Ne3+ {[%emt 0:02:44]} 27. Kf3 {[%emt 0:01:09]} Nxd4+ {[%emt 0:00:40]} 28. Bxd4 {[%emt 0:00:13]} Nd5 {[%emt 0:00:09]} 29. Rd2 {[%emt 0:06:12]} Rha8 {[%emt 0:00:43]} 30. a5 {[%emt 0:01:44]} Ra6 {[%emt 0:00:05]} 31. Rc1 {[%emt 0:01:03]} Nxb4 {[%emt 0:01:03]} 32. Bxb6+ {[%emt 0:02:46]} Nd5 {[%emt 0:00:13]} 33. Rxc4 {[%emt 0:01:18]} Rc8 {[%emt 0:00:46]} 34. Rxd5+ {[%emt 0:00:51]} 1-0

[Event "URU-ch Final 2018"]
[Site "Montevideo"]
[Date "2018.04.14"]
[Round "8"]
[White "Carbone, Diego"]
[Black "Rodriguez Vila, Andres"]
[Result "0-1"]
[WhiteElo "2219"]
[BlackElo "2473"]
[Annotator "TA"]
[PlyCount "110"]
[EventDate "2018.??.??"]
[EventType "tourn"]
[EventCountry "URU"]
[SourceTitle "playchess.com"]
[Source "ChessBase"]
[SourceQuality "1"]

{[%evp 14,110,35,29,50,23,35,20,56,38,79,44,73,-69,-70,-70,-74,-72,-69,-68,-37,-41,-41,-27,-7,-9,-7,-59,-56,-54,-40,-41,-33,-105,-99,-100,-85,-91,-88,-115,-122,-108,-113,-145,-147,-152,-145,-231,-207,-320,-304,-269,-105,-186,-168,-166,-160,-243,-256,-259,-268,-264,-228,-275,-264,-263,-248,-262,-269,-256,-121,-218,-230,-240,-218,-198,-245,-245,-237,-729,-745,-738,-713,-727,-723,-706,-684,-1795,-1676,-29987,-1573,-2002,-2002,-1727,-1712,-1536,-1361,-1019,-920]} 1. d4 f5 2. Nf3 Nf6 3. g3 g6 4. Bg2 Bg7 5. O-O O-O 6. b3 a5 7. Bb2 {A81: Dutch Defence: 2 g3} a4 8. c4 {LiveBook: 5 Games} c6 9. Qc1 $146 {White is slightly better.} ({Predecessor:} 9. Nbd2 Kh8 10. Qc2 d5 11. Ne5 Be6 12. f3 Nbd7 13. e3 Qa5 14. Nd3 dxc4 15. Nxc4 {½-½ (69) Dizdar,G (2535)-Fernandes,A (2410) Yerevan 1996}) 9... Ne4 10. d5 Qa5 11. Nfd2 Bh6 {[%cal Re4d2]} 12. Bxe4 (12. e3 {feels hotter.} Nf6 13. Rd1 cxd5 14. cxd5 d6 15. Bd4) 12... fxe4 {[#]} 13. Qc3 (13. d6 $1 $16) 13... Qxc3 $15 14. Bxc3 e3 15. fxe3 Bxe3+ 16. Kg2 cxd5 17. Rxf8+ Kxf8 18. cxd5 b5 19. Kf3 Bh6 20. e4 (20. Na3 $11) 20... d6 21. b4 Nd7 22. Ke2 Nf6 $36 {[%mdl 2048] Black has some pressure.} 23. Kd3 (23. Bd4 $1 $15) 23... Ng4 $17 24. Bd4 Nxh2 25. Na3 Bd7 26. Rc1 Ke8 27. Rh1 Ng4 28. Ndb1 Rb8 29. Nc3 Kf7 30. Rh4 (30. Nc2 $17) 30... Kg8 $19 31. Nc2 (31. Rh1 $142) 31... Bg5 32. Rh1 Bf6 $2 (32... Rf8 $19 33. Na3 Rf3+ 34. Kc2 Rxg3) 33. Rc1 (33. Bxf6 $17 exf6 34. Kd2) 33... Ne5+ 34. Bxe5 Bxe5 35. Ne2 (35. Nd4 $17) 35... Rc8 36. Rb1 Kg7 37. Ncd4 h5 38. Rg1 Kh6 39. a3 Bf6 40. Nc3 Bxd4 41. Kxd4 {[%mdl 4096] Endgame KRB-KRN} Rf8 (41... g5 $19 {has better winning chances.} 42. Kd3 Rf8) 42. Ke3 (42. Re1 $17) 42... Kg5 43. e5 dxe5 44. Ne4+ {[#]} Kh6 $1 45. Rc1 Bg4 {Hoping for ...Rf3+.} 46. Rc7 $2 (46. Nd2) 46... Rf3+ 47. Kd2 Bf5 48. Nc5 Rxa3 49. Rxe7 Rxg3 50. d6 a3 {[%cal Ba4a3,Ba3a2][%mdl 32]} 51. d7 Bxd7 (51... a2 $142 52. d8=Q a1=Q 53. Qh8+ Kg5 54. Ne4+ Kf4 55. Qxe5+ Qxe5 56. Rxe5 Rg2+ 57. Ke1 Kxe5 58. Nf2 h4 59. Ke2 Kf4 60. Ke1 h3 61. Kf1 Ke3 62. Nd1+ Kf3 63. Nc3 h2 64. Ne2 h1=Q+ 65. Ng1+ Rxg1#) 52. Rxd7 {Black is clearly winning.} a2 53. Ra7 Rg1 54. Nb3 h4 55. Ra8 Kg5 {Precision: White = 39%, Black = 64%.} 0-1

[Event "URU-ch Final 2018"]
[Site "Montevideo"]
[Date "2018.04.15"]
[Round "9"]
[White "Rodriguez Vila, Andres"]
[Black "Roselli Mailhe, Bernardo"]
[Result "1-0"]
[WhiteElo "2473"]
[BlackElo "2433"]
[Annotator "TA"]
[PlyCount "47"]
[EventDate "2018.??.??"]
[EventType "tourn"]
[EventCountry "URU"]
[SourceTitle "playchess.com"]
[Source "ChessBase"]
[SourceQuality "1"]

{[%evp 13,47,0,24,6,13,11,25,22,19,8,0,0,11,14,18,13,29,15,6,29,24,0,47,35,29,15,97,99,99,99,99,99,91,41,436,432]} 1. e4 c5 2. Nf3 e6 3. d4 cxd4 4. Nxd4 Nf6 5. Bd3 Nc6 6. Nf3 d5 7. exd5 {B40: Sicilian: 2...e6, Unusual lines} Nxd5 {LiveBook: 4 Games} (7... exd5 8. O-O Be7 9. Bg5 h6 10. Bh4 O-O 11. Nbd2 Qb6 12. Nb3 Bg4 13. Be2 Rfe8 14. Rb1 Rad8 {0-1 (49) Meijers,V (2458)-Epishin,V (2591) Cutro 2009}) 8. a3 Be7 9. O-O {The position is equal.} O-O 10. c4 Nf6 11. Re1 $146 ({Predecessor:} 11. Nc3 b6 12. Qe2 Qc7 13. Bg5 Bb7 14. Nb5 Qb8 {1-0 (27) Meijers,V (2478)-Al Hitmi,M (2163) Istanbul 2000}) 11... b6 12. Nc3 Bb7 13. Bf4 Nh5 14. Be3 g6 15. Qe2 Qb8 16. Be4 Nf6 17. Bh6 Re8 18. Bxc6 Bxc6 19. Ne5 $36 {[%mdl 2048] Black is under pressure.} Qc8 (19... Qb7 $1 $11) 20. Rad1 Rd8 21. Bg5 Rxd1 22. Qxd1 Qe8 23. Qd4 Rc8 $2 {[%mdl 8192] [#]} (23... Rd8 $14 24. Qh4 Kg7) 24. Nxc6 {Precision: White = 55%, Black = 31%.} 1-0

[Event "URU-ch Final 2018"]
[Site "Montevideo"]
[Date "2018.04.15"]
[Round "9"]
[White "Kimelman, Gabriel"]
[Black "Larrea, Manuel"]
[Result "1-0"]
[WhiteElo "2255"]
[BlackElo "2289"]
[Annotator "TA"]
[PlyCount "85"]
[EventDate "2018.??.??"]
[EventType "tourn"]
[EventCountry "URU"]
[SourceTitle "playchess.com"]
[Source "ChessBase"]
[SourceQuality "1"]

{[%evp 9,85,7,8,-24,-18,-47,-24,-34,-6,-61,-45,-44,24,-52,-43,-54,-52,-84,-93,-182,-117,-151,-73,-68,-75,-81,-65,-72,-66,-57,-34,-20,-46,-34,-16,-18,0,-28,0,-142,-108,-189,-177,-172,-110,-193,-197,-177,-179,-186,-181,-265,-250,-308,-298,-229,-160,-160,-81,-74,-72,-55,5643,5635,2741,2455,6520,6520,6170,5389,5185,5181,1860,1624,1402,937,1038,800]} 1. c4 e5 2. g3 h5 {[%cal Bh7h5,Bh5h4][%mdl 32]} 3. Nc3 (3. h4 Nc6 4. Bg2 Bc5 5. Nc3 a6 6. d3 d6 7. Nf3 Nge7 8. a3 Ba7 9. b4 Bg4 10. Bb2 Rb8 {1-0 (59) Medvegy,Z (2539)-Indjic,A (2611) Budapest 2017}) 3... h4 4. Bg2 Nc6 5. e3 Bc5 $146 ({Predecessor:} 5... Nf6 6. d3 Bb4 7. Bd2 Bxc3 8. Bxc3 d5 9. cxd5 Nxd5 10. Qb3 Nxc3 {½-½ (10) Zueger,B (2417)-Maier,C (2404) Switzerland 2005}) 6. Na4 {A20: English Opening: 1...e5} d6 7. a3 a5 8. Ne2 {Black has an edge.} Qf6 9. Nxc5 (9. Nec3 $11) 9... dxc5 $15 10. Nc3 Be6 (10... Bd7 $15) 11. Qa4 (11. Qb3 $11 Bc8 12. d3) 11... Bd7 {And now ...Nb4 would win.} 12. Nd5 Qd6 13. Qd1 Nf6 14. Nc3 (14. O-O $17) 14... Be6 (14... O-O-O $19 15. Qc2 hxg3 16. fxg3 Bh3 17. Bxh3+ Rxh3 18. Qf5+ Qd7 19. Qxd7+ Kxd7) 15. b3 e4 (15... O-O-O $142 16. Qc2 Qd7) 16. Nxe4 $17 Nxe4 17. Bxe4 Qe5 $1 {[%csl LRa1,LRe4]} 18. Bxc6+ $1 bxc6 19. d4 Qe4 20. f3 Qg6 $36 {[%mdl 2048] Black has the initiative.} 21. g4 cxd4 22. exd4 O-O 23. Bf4 Bxg4 {White must now prevent ...Qf5.} 24. Kf2 (24. Rg1 $11 Qe6+ 25. Qe2 Bxf3 26. Qxe6 fxe6 27. Be5) 24... Qf5 25. Qd2 {[#]} (25. Rg1 $17 {was called for.} Qxf4 26. Rxg4 Qxh2+ 27. Rg2) 25... Bh5 $1 $19 26. Rae1 Rfe8 ({Black should play} 26... f6 $19 {...Rab8 is the strong threat.} 27. Rhf1 Rab8) 27. Re3 (27. Rxe8+ $17 {was necessary.} Rxe8 28. Rf1) 27... Rxe3 28. Qxe3 Qc2+ 29. Qe2 Qxb3 30. Rg1 (30. Bc1 $142) 30... Qxa3 31. Rg5 Bg6 32. Bxc7 Qc3 33. Be5 Qb3 (33... a4 $142 {Strongly threatening ...Qa5.} 34. d5 Qb4 35. dxc6 Qc5+ 36. Kg2 Re8) 34. f4 $17 Qh3 {[#]} 35. f5 $1 {[%mdl 512]} Bxf5 $2 {[%mdl 8192]} (35... f6 $15 36. Bxf6 Qxh2+ 37. Ke1 Qxe2+ 38. Kxe2 gxf6 39. Rxg6+ Kh7) 36. Rxg7+ $18 {White is clearly winning.} Kf8 37. Qh5 {[%csl Gg7][%cal Rh5f7]} Bg6 38. Rxg6 ({Less strong is} 38. Qh8+ Ke7 $16) 38... fxg6 39. Qh8+ Ke7 40. Qf6+ Kd7 41. Qd6+ Ke8 42. Qxc6+ Kf7 43. Qxa8 {Precision: White = 44%, Black = 36%.} 1-0

[Event "URU-ch Final 2018"]
[Site "Montevideo"]
[Date "2018.04.15"]
[Round "9"]
[White "Granara Barreto, Sebastian"]
[Black "Lopez Azambuja, Nicolas"]
[Result "0-1"]
[WhiteElo "2164"]
[BlackElo "2314"]
[Annotator "TA"]
[PlyCount "136"]
[EventDate "2018.??.??"]
[EventType "tourn"]
[EventCountry "URU"]
[SourceTitle "playchess.com"]
[Source "ChessBase"]
[SourceQuality "1"]

{[%evp 15,136,-22,7,-22,-5,-9,-4,-35,-35,-32,0,0,0,-17,-17,-8,-16,-64,-59,-62,-60,-63,-57,-54,-15,-41,-45,-53,2,0,7,11,14,-23,-14,-25,0,-54,-52,-91,-85,-95,-67,-94,-65,-96,-89,-94,-72,-80,-63,-77,-81,-156,-139,-143,-135,-146,-110,-112,-108,-108,-91,-88,-79,-81,-76,-81,-49,-95,-87,-76,-50,-52,-58,-90,-88,-85,-88,-207,-200,-299,-307,-375,-381,-376,-373,-374,-364,-349,-333,-387,-381,-531,-515,-616,-605,-610,-454,-618,-556,-434,-428,-1007,-1057,-735,-588,-497,-471,-433,-395,-392,-392,-627,-629,-1295,-1290,-1354,-1197,-1051,-1345,-1455,-1288]} 1. c4 e6 2. Nc3 Bb4 3. g3 Nf6 4. Bg2 O-O 5. Nf3 d5 6. cxd5 exd5 7. d4 c6 8. O-O {E20: Nimzo-Indian: 4 g3 and 4 f3} Bd6 {LiveBook: 3 Games} (8... Re8 9. Bf4 Nbd7 10. Rc1 Bf8 11. a3 a5 12. Qb3 Qb6 13. Qc2 Qa6 14. Rfe1 Nb6 15. Be5 Nbd7 16. Bf4 Nb6 17. Be5 Nbd7 18. Bf4 {½-½ (18) Maze,S (2577)-Laznicka,V (2702) Plovdiv 2012}) 9. Qc2 Re8 10. Bg5 {The position is equal.} Nbd7 11. Rad1 h6 12. Bc1 $146 ({Predecessor:} 12. Bf4 Bxf4 13. gxf4 {½-½ (39) Pankratov,V (2490)-Berclaz,P (2450) ICCF email 2000}) 12... Nf8 13. Nh4 Ng4 14. Nf3 Ng6 15. h3 Nf6 16. e4 Nxe4 17. Nxe4 dxe4 18. Ne5 $1 Bxe5 19. dxe5 Qe7 20. Rfe1 Nxe5 21. Bxe4 Qf8 (21... Bxh3 $15 22. f4 Bg4 23. Bh7+ Kh8 24. Rxe5 Bxd1 25. Qxd1 Qf8) 22. Bf4 {[#] Black must now prevent Bxe5.} Kh8 23. Qc3 f6 24. Kg2 Be6 25. b3 Qf7 26. f3 (26. Bxe5 $11 fxe5 27. Bc2) 26... Ng6 $15 27. Bxg6 Qxg6 28. g4 Bd5 29. Kg3 b6 30. Re3 Rxe3 31. Qxe3 Re8 32. Qd2 Kh7 33. h4 h5 34. g5 ({White should try} 34. Qd3) 34... fxg5 35. Bxg5 Rf8 36. f4 Qe6 37. Re1 Qg4+ 38. Kh2 Be6 {And now ...Qh3+ would win.} 39. Qd3+ Bf5 40. Qg3 Rf7 41. Qxg4 hxg4 $17 {[%mdl 4096] Endgame KRB-KRB} 42. h5 Rd7 43. Re5 Rd2+ 44. Kg3 Rd3+ 45. Kg2 Bd7 46. f5 c5 47. Re7 (47. Be3 $17) 47... Bc6+ $19 ({Resist} 47... Bxf5 48. Bf4 $17) 48. Kf1 {[#]} (48. Kg1 $142) 48... g3 $1 {[%cal Rg3g2] Strongly threatening ...g2+.} 49. Be3 g2+ 50. Kf2 Rd1 51. Ke2 g1=Q 52. Bxg1 Rxg1 {KRB-KR} 53. f6 Kg8 54. Rxa7 gxf6 55. Kf2 Rg2+ 56. Ke3 Rg5 57. Ra6 Kf7 58. Rxb6 Bh1 59. a4 (59. h6 $142) 59... Rxh5 60. a5 Rh2 61. Rb5 Rc2 62. Kd3 Rc1 63. Kd2 Rb1 64. a6 (64. Rxc5 $142 Rxb3 65. Kc2) 64... Ra1 {Black is clearly winning.} 65. Rb6 Bd5 66. Kc3 f5 {[%cal Bf6f5,Bf5f4,Bf4f3][%mdl 32]} 67. Rh6 f4 68. a7 f3 {Precision: White = 29%, Black = 55%.} 0-1